| 000 | 00522nam a22001817a 4500 | ||
|---|---|---|---|
| 003 | CEME | ||
| 005 | 20210628203237.0 | ||
| 008 | 210119b xxu||||| |||| 00| 0 eng d | ||
| 020 | _a0-08-036735-6 | ||
| 040 | _cceme | ||
| 082 | _a358.414 WAR | ||
| 100 |
_aWarden, John A . Col _964234 |
||
| 245 | _aThe air campaign , planning for combat | ||
| 260 |
_aNEW YORK _bPAF BOOK CLUB _c1989 |
||
| 300 | _aIX, 160 P | ||
| 650 |
_aAIR WARFARE, MILITARY PLANNING, MILITARY HISTORY MODERN 20TH CENTURY _964235 |
||
| 942 |
_cBK _2ddc |
||
| 999 |
_c572799 _d572799 |
||